| 000 | 00535nam a2200181Ia 4500 | ||
|---|---|---|---|
| 999 |
_c34139 _d34139 |
||
| 003 | OSt | ||
| 005 | 20200917111458.0 | ||
| 008 | 190216s9999||||xx |||||||||||||| ||und|| | ||
| 020 | _a9788189866587 | ||
| 040 | _coclc | ||
| 082 |
_a621.380414 _bSAR/L |
||
| 100 |
_aSarah, P _94665 |
||
| 245 | 0 |
_aLasers And Optical Fibre Communications / _cP Sarah |
|
| 260 |
_bI.K.International Publishing, _aNew Delhi: _c2008. |
||
| 300 | _a278p | ||
| 650 | _aPhysics | ||
| 942 |
_cBK _2ddc _h621.380414 _iSAR/L _k621.380414 _mSAR/L |
||